000 00319nam a2200145Ia 4500
100 _aPapoulis/ Athanasios/ Pillai S.K
250 _a4
942 _cRB
654 _aProbability
245 _aProbability
260 _bTata Mc Graw hill Ltd.
_c2002
082 _a519.2
_bPAP/PIL
300 _a852
546 _aENGLISH
999 _c35542
_d35542